00526nam a22001697a 450000500170000001000130001702000140003003500130004403700090005708200120006610000280007824500850010624600540019126000590024527000300030430000220033420191209120350.0 aB-245227 c240.00a- aB-245227 bBPPD a070.172 aا نو ا ر ا حمد aمو لا نا آ ز ا د کی اد بی صحا فتcا نو ا ر ا حمد aMoulana Azad ki Adabi Sahafatbby Dr. Anwar Ahmed aBiharc2006 ء bKhuda Bakhsh Oriental Public Library aPatnabPatna(Bihar)k-e4 a387 صc22 cm(hb)